00499nam a2200193 a 4500001001300000003000900013005001700022008004100039020001000080082001500090100002100105245004700126260004400173300000900217500003500226505001000261650001300271700002100284nice12345678IN_TiNIC20260116013711.0050524s1997 lona grp 000 0 eng  ac29500a294.5bBRO aBrockington, J L aSacred Thread, a Short History of Hinduism aLondan bOxford University Press c1997 a222p aincludes index and biblioraphy2 aIndex aHinduism1 aBrockington, J L